Groups of Things - History - Statistics

General Stats
  • This quiz has been taken 138 times
  • The average score is 28 of 50
Answer Stats
Hint Answer % Correct
Founding Fathers of the United States George Washington
97%
Nobel Prize Categories Peace
93%
The Beatles Members John Lennon
89%
Founders of Modern Communism Karl Marx
87%
The Beatles Members Ringo Starr
86%
Founding Fathers of the United States Thomas Jefferson
86%
Nobel Prize Categories Physics
85%
Founders of Rome Romulus
85%
Founders of Rome Remus
84%
Permanent Members of the UN Security Council United States
84%
First Three Wives of Henry VIII Anne Boleyn
83%
The Beatles Members Paul McCartney
83%
Permanent Members of the UN Security Council United Kingdom
83%
Permanent Members of the UN Security Council France
82%
The Four Evangelists John
81%
Permanent Members of the UN Security Council Russia
81%
Nobel Prize Categories Chemistry
79%
Permanent Members of the UN Security Council China
78%
The Beatles Members George Harrison
77%
Nobel Prize Categories Literature
77%
Founding Fathers of the United States Benjamin Franklin
76%
Founding Fathers of the United States John Adams
76%
The Four Evangelists Luke
66%
The Four Evangelists Matthew
66%
The Four Evangelists Mark
64%
Founding Fathers of the United States Alexander Hamilton
60%
Six Children of Cronus Zeus
60%
Founders of Modern Communism Friedrich Engels
57%
First Three Wives of Henry VIII Catherine of Aragon
53%
Founding Fathers of the United States James Madison
52%
Six Children of Cronus Poseidon
52%
First Three Wives of Henry VIII Jane Seymour
50%
Six Children of Cronus Hades
49%
Nobel Prize Categories Medicine
45%
Nobel Prize Categories Economics
44%
Six Children of Cronus Hera
44%
Isaac Newton Laws of Motion Inertia
24%
Founding Fathers of the United States John Jay
22%
Six Children of Cronus Demeter
20%
The Five Civilized Tribes Cherokee
17%
Emperors of the Flavian dynasty Titus
14%
Emperors of the Flavian dynasty Domitian
12%
Six Children of Cronus Hestia
12%
Emperors of the Flavian dynasty Vespasian
11%
The Five Civilized Tribes Seminole
10%
The Five Civilized Tribes Choctaw
7%
The Five Civilized Tribes Creek
7%
Isaac Newton Laws of Motion Acceleration
5%
Isaac Newton Laws of Motion Action and Reaction
5%
The Five Civilized Tribes Chickasaw
5%
No matching quizzes found
Score Distribution
Percent of People with Each Score
Percentile by Number Answered
Your Score History
You have not taken this quiz